| 000 | 00563nmm a2200193Ia 4500 | ||
|---|---|---|---|
| 008 | 251105s9999||||xx |||||||||||||||||und|| | ||
| 020 | _a9788475229720 | ||
| 041 | _aspa | ||
| 100 | _aCarvajal, Iván | ||
| 245 | 0 |
_aTentativa y zozobra : _b Antología 1970 - 2000 |
|
| 264 |
_a[Madrid, España] : _bVisor Libros, _c2001 |
||
| 300 | _a188 páginas | ||
| 490 | _aVisor de Poesía | ||
| 650 | _aLatin American poetry | ||
| 700 | _aCarvajal, Iván | ||
| 700 | 1 | _a González Soto, Juan | |
| 856 | _uhttps://public.digitaliapublishing.com/a/76824 | ||
| 942 | _cCF | ||
| 999 |
_c63685 _d63685 |
||